<?xml version="1.0" encoding="UTF-8"?>
<record
    xmlns:xsi="http://www.w3.org/2001/XMLSchema-instance"
    xsi:schemaLocation="http://www.loc.gov/MARC21/slim http://www.loc.gov/standards/marcxml/schema/MARC21slim.xsd"
    xmlns="http://www.loc.gov/MARC21/slim">

  <leader>01177nam0a22002891  4500</leader>
  <controlfield tag="001">v19\rc\1911854</controlfield>
  <controlfield tag="005">20260406085125.0</controlfield>
  <datafield tag="035" ind1=" " ind2=" ">
    <subfield code="a">(NLR Aleph) 005023978</subfield>
  </datafield>
  <datafield tag="090" ind1=" " ind2=" ">
    <subfield code="a">6619315</subfield>
    <subfield code="c">6619315</subfield>
  </datafield>
  <datafield tag="100" ind1=" " ind2=" ">
    <subfield code="a">20080404d1911    u  y0rusy50      ca</subfield>
  </datafield>
  <datafield tag="101" ind1="0" ind2=" ">
    <subfield code="a">rus</subfield>
  </datafield>
  <datafield tag="102" ind1=" " ind2=" ">
    <subfield code="a">RU</subfield>
  </datafield>
  <datafield tag="105" ind1=" " ind2=" ">
    <subfield code="a">c   b   |||cb</subfield>
  </datafield>
  <datafield tag="200" ind1="1" ind2=" ">
    <subfield code="a">&#x415;&#x433;&#x43E; &#x43F;&#x440;&#x435;&#x43E;&#x441;&#x432;&#x44F;&#x449;&#x435;&#x43D;&#x441;&#x442;&#x432;&#x43E; &#x435;&#x43F;&#x438;&#x441;&#x43A;&#x43E;&#x43F; &#x41A;&#x430;&#x440;&#x430;&#x43F;&#x435;&#x442; &#x422;&#x435;&#x440;-&#x41C;&#x43A;&#x440;&#x442;&#x447;&#x44C;&#x44F;&#x43D; &#x43A; &#x432;&#x44B;&#x431;&#x43E;&#x440;&#x430;&#x43C; &#x43A;&#x430;&#x442;&#x43E;&#x43B;&#x438;&#x43A;&#x43E;&#x441;&#x430;</subfield>
    <subfield code="e">&#x41A;&#x440;&#x430;&#x442;. &#x431;&#x438;&#x43E;&#x433;&#x440;. &#x43E;&#x447;&#x435;&#x440;&#x43A;</subfield>
    <subfield code="f">&#x421;&#x43E;&#x441;&#x442;. &#x441;&#x432;&#x44F;&#x449;. &#x421;. &#x422;&#x435;&#x440;-&#x41E;&#x432;&#x430;&#x43D;&#x43D;&#x435;&#x441;&#x44C;&#x44F;&#x43D;&#x446;</subfield>
  </datafield>
  <datafield tag="210" ind1=" " ind2=" ">
    <subfield code="a">&#x421;&#x442;&#x430;&#x432;&#x440;&#x43E;&#x43F;&#x43E;&#x43B;&#x44C;</subfield>
    <subfield code="c">&#x418;.&#x41F;. &#x41C;&#x430;&#x43D;&#x443;&#x447;&#x430;&#x440;&#x43E;&#x432;</subfield>
    <subfield code="d">1911</subfield>
  </datafield>
  <datafield tag="215" ind1=" " ind2=" ">
    <subfield code="a">16 &#x441;.</subfield>
    <subfield code="c">&#x43F;&#x43E;&#x440;&#x442;&#x440;.</subfield>
    <subfield code="d">22</subfield>
  </datafield>
  <datafield tag="700" ind1=" " ind2="1">
    <subfield code="6">z01790</subfield>
    <subfield code="a">&#x422;&#x435;&#x440;-&#x41E;&#x432;&#x430;&#x43D;&#x43D;&#x435;&#x441;&#x44C;&#x44F;&#x43D;&#x446;</subfield>
    <subfield code="b">&#x421;.&#x413;.</subfield>
    <subfield code="g">&#x421;&#x430;&#x430;&#x43A; &#x413;&#x440;&#x438;&#x433;&#x43E;&#x440;&#x44C;&#x435;&#x432;&#x438;&#x447;</subfield>
    <subfield code="4">220</subfield>
  </datafield>
  <datafield tag="702" ind1=" " ind2="1">
    <subfield code="4">570</subfield>
    <subfield code="7">ca</subfield>
    <subfield code="8">rus</subfield>
    <subfield code="a">&#x422;&#x435;&#x440;-&#x41C;&#x43A;&#x440;&#x442;&#x447;&#x44F;&#x43D;</subfield>
    <subfield code="b">&#x41A;.</subfield>
    <subfield code="c">&#x435;&#x43F;&#x438;&#x441;&#x43A;&#x43E;&#x43F;</subfield>
    <subfield code="f">1866-1915</subfield>
    <subfield code="g">&#x41A;&#x430;&#x440;&#x430;&#x43F;&#x435;&#x442;</subfield>
    <subfield code="3">RU\NLR\AUTH\770279762</subfield>
    <subfield code="9">2651729</subfield>
  </datafield>
  <datafield tag="790" ind1=" " ind2="1">
    <subfield code="6">z01700</subfield>
    <subfield code="a">&#x41E;&#x432;&#x430;&#x43D;&#x43D;&#x435;&#x441;&#x44C;&#x44F;&#x43D;&#x446;</subfield>
    <subfield code="b">&#x421;.&#x413;.</subfield>
    <subfield code="g">&#x421;&#x430;&#x430;&#x43A; &#x413;&#x440;&#x438;&#x433;&#x43E;&#x440;&#x44C;&#x435;&#x432;&#x438;&#x447;</subfield>
  </datafield>
  <datafield tag="801" ind1=" " ind2="0">
    <subfield code="a">RU</subfield>
    <subfield code="b">NLR</subfield>
    <subfield code="g">psbo</subfield>
  </datafield>
  <datafield tag="801" ind1=" " ind2="0">
    <subfield code="a">RU</subfield>
    <subfield code="b">RuMoRGB</subfield>
    <subfield code="2">psbo</subfield>
  </datafield>
  <datafield tag="801" ind1=" " ind2="1">
    <subfield code="a">RU</subfield>
    <subfield code="b">ProSoft-M</subfield>
    <subfield code="2">rusmarc</subfield>
  </datafield>
  <datafield tag="852" ind1=" " ind2=" ">
    <subfield code="a">NLR</subfield>
    <subfield code="j">20.89.8.249</subfield>
  </datafield>
  <datafield tag="899" ind1=" " ind2=" ">
    <subfield code="a">RuMoRGB</subfield>
    <subfield code="j">V 117/1462</subfield>
  </datafield>
  <datafield tag="942" ind1=" " ind2=" ">
    <subfield code="c">BOOK</subfield>
  </datafield>
  <datafield tag="980" ind1=" " ind2=" ">
    <subfield code="a">NB</subfield>
  </datafield>
  <datafield tag="995" ind1=" " ind2=" ">
    <subfield code="5">2013-10-26</subfield>
    <subfield code="b">NLR02</subfield>
    <subfield code="c">NLR02</subfield>
    <subfield code="e">RFS</subfield>
    <subfield code="f">5023978-10</subfield>
    <subfield code="k">20.89.8.249</subfield>
    <subfield code="o">0</subfield>
    <subfield code="r">BOOK</subfield>
    <subfield code="s">20898249_</subfield>
  </datafield>
</record>
